Statistics for Maisie Peters - Guy On A Horse

Click here to take the quiz!

General Stats

  • This quiz has been taken 17 times
  • The average score is 199 of 257

Answer Stats

Answer% Correct
a
100%
And
100%
and
100%
me,
100%
me
100%
on
100%
or
100%
so
100%
the
100%
as
88%
Did
88%
don’t
88%
drop
88%
envy
88%
guy
88%
hard?
88%
hear
88%
horse
88%
I
88%
“Is
88%
is
88%
it,
88%
it
88%
It
88%
I’ve
88%
just
88%
kid
88%
like
88%
No
88%
oh
88%
oh,
88%
Only
88%
over
88%
pity
88%
played
88%
really
88%
really,
88%
smart?
88%
someone
88%
Stadium,
88%
talking
88%
that
88%
you
88%
your
88%
you’re
88%
all
75%
at
75%
babe,
75%
bad
75%
blonde
75%
but
75%
car
75%
‘Cause
75%
coke?
75%
cut
75%
Cute
75%
fast?
75%
fifties
75%
In
75%
in
75%
lonely
75%
Not
75%
pretty
75%
smoke
75%
sports,
75%
sure
75%
wants
75%
Wembley
75%
while
75%
about
63%
anymore
63%
Arc
63%
are
63%
be
63%
Boy!
63%
Brad?”
63%
bum
63%
can’t
63%
core
63%
famous,
63%
friends
63%
I’m
63%
Joan
63%
keep
63%
Listen
63%
money,
63%
more
63%
name
63%
of
63%
say
63%
Tell
63%
them
63%
to
63%
You’ll
63%
0s
50%
battles
50%
bigger
50%
far,
50%
Got
50%
got
50%
gotta
50%
might
50%
nice,
50%
saddle
50%
Somebody
50%
Somebody’s
50%
start
50%
think
50%
this
50%
tried
50%
war
50%
smile,
38%
Sour
38%
wanna
38%
up
25%
crack
13%
plaid?”
13%
Ah
0%
Scan
0%

Score Distribution

Percentile by Number Answered

Percent of People with Each Score

Your Score History

You have not taken this quiz